| 000 | 00614nam a2200253Ia 4500 | ||
|---|---|---|---|
| 008 | 210210b2006 xxu||||| |||| 00| 0 eng d | ||
| 020 | _a9788173715372 | ||
| 041 | _aeng | ||
| 082 | _a574.8703 HINU | ||
| 100 | _aHINE (Robert) | ||
| 245 | _aUniversities press dictionary of cell and molecular biology | ||
| 260 |
_aHyderabad _bUniversities Press _c2006 |
||
| 300 | _avii----248 | ||
| 650 | _aUniversities | ||
| 650 | _apress | ||
| 650 | _aof | ||
| 650 | _amolecular | ||
| 650 | _adictionary | ||
| 650 | _acell | ||
| 650 | _abiology | ||
| 650 | _aand | ||
| 690 | _aDictionaries | ||
| 906 | _a063107 | ||
| 999 |
_c132855 _d132855 |
||